Normal view
MARC view
Entry Topical Term
001 - CONTROL NUMBER
- control field: 12271
003 - CONTROL NUMBER IDENTIFIER
- control field: ARRUPE
005 - DATE AND TIME OF LATEST TRANSACTION
- control field: 20141029112031.0
008 - FIXED-LENGTH DATA ELEMENTS
- fixed length control field: 141029|| aca||aabn | a|a d
040 ## - CATALOGING SOURCE
- Original cataloging agency: ARRUPE
- Transcribing agency: ARRUPE
150 ## - HEADING--TOPICAL TERM
- Topical term or geographic name as entry element: Prostitutes
- Geographic subdivision: Egypt
- Form subdivision: Fiction.
670 ## - SOURCE DATA FOUND
- Source citation: Work cat.: (ARRUPE)0: Saʻdāwī, Nawāl. 12270, Woman at point zero /, 2007.